000 00483nam a2200169Ia 4500
999 _c35455
_d35455
003 OSt
005 20201222105719.0
008 190216s9999||||xx |||||||||||||| ||und||
040 _coclc
082 _a039
_bPAN/N
100 _aPanicker, P T Bhaskara
_97755
245 0 _aNaam Jeevikkunna Lokam /
_cP T Bhaskara Panicker
260 _bDeepthi Publishing,
_aTrivandrum:
300 _a164p
650 _aMalayalam
942 _cREF
_2ddc
_h039
_iPAN/N
_k039
_mPAN/N